Adsorbcionno-katalitičeskije metody očistki gazovych sred v chimičeskoj technologii /
Saved in:
| Main Authors: | , , |
|---|---|
| Format: | Book |
| Published: |
Moskva :
Chimija,
1989
|
| Tags: |
No Tags, Be the first to tag this record!
|
MARC
| LEADER | 00000nam a22000003a 4500 | ||
|---|---|---|---|
| 001 | stu14639 | ||
| 005 | 20150617225800.7 | ||
| 008 | ------s1989----xxr---------------------d | ||
| 040 | |a STU |b slo | ||
| 041 | 0 | ||
| 044 | |a xxr | ||
| 080 | |a 66.074.7 | ||
| 100 | 1 | |a Putilov, Aleksandr Valentinovič |4 aut | |
| 245 | 1 | |a Adsorbcionno-katalitičeskije metody očistki gazovych sred v chimičeskoj technologii / |c [aut.]Putilov,Aleksandr Valentinovič, Kudrjavcev,Sergej Leonidovič, Petruchin,Nikolaj Vsiljevič | |
| 260 | |a Moskva : |b Chimija, |c 1989 | ||
| 300 | |a 47 s : |b Tab.,grafy,lit | ||
| 700 | 1 | |a Kudrjavcev, Sergej Leonidovič |4 aut | |
| 700 | 1 | |a Petruchin, Nikolaj Vsiljevič |4 aut | |
| 996 | |b C83926 |c C*83926 |l CCXVIII |s P |a 0 |w stu14639_0001 | ||